000 00692nam a2200253 i 4500
001 C2-0242570
003 PPAK
005 20180727204532.0
008 021001s2001 my a|||| ||||| | may d
020 _a9836267581
040 _aPPAK
_beng
_cPPAK
_erda
082 0 4 _a899.233
_223
090 0 0 _a899.233
_bMAA
_dG
100 0 _aMaaruf Mahmud,
_eauthor
245 1 0 _aAnak Din biola
250 _aEdisi pelajar Tingkatan 1
264 1 _aKuala Lumpur :
_bDewan Bahasa dan Pustaka ,
_c2001
300 _a137 pages :
_billustrations ;
_c18 cm
336 _2rdacontent
_atext
337 _2rdamedia
_aunmediated
338 _2rdacarrier
_avolume
650 1 0 _aMalay fiction
942 _ddc
_cB
999 _c57309
_d57309